|
|
|
|
| LEADER |
00000cam a2200000 7i4500 |
| 001 |
0000001284 |
| 005 |
20030321.0 |
| 090 |
0 |
0 |
|a 634.9209595
|b THA 1991
|
| 100 |
1 |
0 |
|a THANG
|h H. C.
|
| 245 |
1 |
0 |
|a ASEAN forest resource database country report :
|b Malaysia
|c prepared by H.C. Thang
|
| 260 |
0 |
0 |
|a Kuala Lumpur :
|b ASEAN Institute of Forest Management ,
|c 1991
|
| 300 |
|
|
|a iv, 81 p. :
|b map ;
|c 30 cm.
|
| 650 |
0 |
0 |
|a Database
|x Forest management
|z Malaysia
|
| 650 |
0 |
0 |
|a Forest management
|z Malaysia
|
| 710 |
1 |
1 |
|a ASEAN Institute of Forest Management (AIFM)
|
| 998 |
|
|
|a JPSM
|
| 999 |
|
|
|a 0000003661
|b Monograph
|c Open Shelf
|e Default branch
|